| 000 | 00533nam a2200181Ia 4500 | ||
|---|---|---|---|
| 999 |
_c13938 _d13938 |
||
| 003 | OSt | ||
| 005 | 20201104130121.0 | ||
| 008 | 190216s9999||||xx |||||||||||||| ||und|| | ||
| 020 | _a0553274384 | ||
| 040 | _coclc | ||
| 082 |
_a791.43028 _bMAC/D |
||
| 100 |
_aMaclaine, Shirley _96262 |
||
| 245 | 0 |
_aDon't Fall Off The Mountain / _cShirley Maclaine |
|
| 260 |
_bBantam Books, _c1971. _aNew York: |
||
| 300 | _a292p | ||
| 650 | _aEnglish Short Stories | ||
| 942 |
_cBK _2ddc _h791.43028 _iMAC/D _k791.43028 _mMAC/D |
||